| 000 | 00926nam a2200193 i 4500 | ||
|---|---|---|---|
| 001 | 167860 | ||
| 003 | ES-MaACL | ||
| 005 | 20230906213618.0 | ||
| 008 | 051004s1831 xxk | |||||||| ||eng d | ||
| 040 |
_aCAM _bspa _cCAM |
||
| 100 | 1 |
_aWalton, William. _9133879 |
|
| 245 | 1 | 2 |
_aA letter addressed to the right honourable Earl Grey, &c., &c., &c. on the state of our political & commercial relations with Portugal / _cby William Walton. |
| 260 |
_aLondon : _bpublished by John Richardson and John Booth, _c1831. |
||
| 300 |
_a174 p. ; _c20 cm. |
||
| 651 | 4 |
_aGran Bretaña- _xRelaciones- _zPortugal. _9137202 |
|
| 651 | 4 |
_aPortugal- _xRelaciones- _zGran Bretaña. _9137321 |
|
| 700 | 1 |
_aGrey, Charles Grey _cEarl ( _d1764-1845 ) _9155685 |
|
| 852 |
_aES-MaACL _jT-16-F-12 _z-- Enc. hol., falto de la enc. original _z-- Enc. en un vol. facticio _z.- Donat. Angel Calderón de la Barca (Actas del Ateneo, junta 9 de abril de 1844) |
||
| 999 |
_c167860 _d167860 |
||